000 00327nam a22001337a 4500
005 20160329084950.0
008 080729s2009 nyua 001 0 eng
020 _a9780071548649
020 _a0071548645
041 0 _aeng
080 _a004
245 1 0 _aSQL :
_cAndy Oppel, Robert Sheldon.
942 _2udc
_cBK
999 _c661
_d661